Vyhláška federálního ministerstva financí č.586/1990 Sb., o odpisování základných prostředků

Saved in:
Bibliographic Details
Format: Book
Language:Czech
Published: Praha Inzertspoj B.r.
Edition:1. vyd.
Tags: Add Tag
No Tags, Be the first to tag this record!

MARC

LEADER 00000nam a2200000 4500
001 c024474
005 20221220102938.4
041 0 |a cze 
044 |a CZ 
245 1 0 |a Vyhláška federálního ministerstva financí č.586/1990 Sb., o odpisování základných prostředků 
250 |a 1. vyd. 
264 1 |a Praha  |b Inzertspoj  |c B.r. 
300 |a 8 s.